| 000 | 00337pab a2200133 454500 | ||
|---|---|---|---|
| 008 | 180718b1995 xxu||||| |||| 00| 0 eng d | ||
| 245 | _aSPECIAL issue on volunteers: their role and training | ||
| 260 | _c1995 | ||
| 300 | _ap.3-112 | ||
| 362 | _aJan | ||
| 650 | _aSocial work | ||
| 773 | _aIndian Journal of Social Work | ||
| 909 | _a32672 | ||
| 999 |
_c32672 _d32672 |
||